| Tag |
First Indicator |
Second Indicator |
Subfields |
| LEADER |
00000cam a22000007a 4500 |
| 001 |
in00000001343 |
| 005 |
20151007050413.0 |
| 008 |
980914s1998 xxu f000 0 eng d |
| 035 |
|
|
|a (OCoLC)
|
| 035 |
|
|
|a tmp97130342
|
| 035 |
|
|
|9 AJB2771AM
|
| 040 |
|
|
|a MvI
|c MvI
|d UtOrBLW
|
| 049 |
|
|
|a UDOC
|
| 074 |
|
|
|a 0455-G-09
|
| 086 |
0 |
|
|a ED 1.328:SCH 6/2
|
| 245 |
0 |
0 |
|a School Library Media Centers: 1993-94, August 1998.
|
| 264 |
|
1 |
|a [Place of publication not identified] :
|b [publisher not identified],
|c [1998?]
|
| 336 |
|
|
|a text
|b txt
|2 rdacontent
|
| 337 |
|
|
|a unmediated
|b n
|2 rdamedia
|
| 338 |
|
|
|a volume
|b nc
|2 rdacarrier
|
| 500 |
|
|
|a Shipping List #: 98-0353-P
|
| 500 |
|
|
|a Shipping List Date: 09/02/98
|
| 710 |
1 |
|
|a United States.
|b Office of Educational Research and Improvement.
|
| 999 |
|
|
|a MARS
|
| 999 |
f |
f |
|s 4e192032-9698-3cdd-b24b-09869a71a19d
|i 9ce542c7-2a53-34a0-847b-bd838d3f3444
|t 0
|
| 952 |
f |
f |
|p normal
|a Texas A&M University
|b College Station
|c Sterling C. Evans Library
|d Evans: US Documents (Annex 5th floor)
|t 0
|e ED 1.328:SCH 6/2
|h Superintendent of Documents classification
|i unmediated -- volume
|m A14824390288
|
| 998 |
f |
f |
|a ED 1.328:SCH 6/2
|t 0
|l Evans: US Documents (Annex 5th floor)
|